| 000 | 00750nam a2200205 i 4500 | ||
|---|---|---|---|
| 001 | 25246 | ||
| 003 | ES-MaACL | ||
| 005 | 20230906153224.0 | ||
| 007 | t| | ||
| 008 | 021223s1966 sp ||||1| spa d | ||
| 100 | 1 |
_aArana, José-Domingo de. _922246 |
|
| 245 | 1 | 0 |
_aCentralismo político y regionalismo / _cJosé-Domingo de Arana. |
| 260 |
_a[Bilbao : _bs.n., _c1966] ( _fGráficas Ellacuria) |
||
| 300 |
_a18 p. ; _c24 cm. |
||
| 505 | 8 | _aContiene: I: Brote y proceso del particularismo vasco. -- II: La redención nacional. -- III: Sobre el concierto económico | |
| 740 | 0 | _aBrote y proceso del particularismo vasco. | |
| 740 | 3 | _aLa redención nacional. | |
| 740 | 0 | _aSobre el concierto económico. | |
| 852 |
_aES-MaACL _j2053-F-28 _bR.60920 |
||
| 999 |
_c25246 _d25246 |
||